Diary of a Wimpy Kid Books - Statistics

General Stats
  • This quiz has been taken 12 times
  • The average score is 10 of 17
Answer Stats
Answer % Correct
Diary of a Wimpy Kid
90%
Rodrick Rules
90%
Dog Days
80%
The Last Straw
80%
Cabin Fever
70%
Hard Luck
70%
The Ugly Truth
60%
Old School
50%
The Long Haul
50%
The Third Wheel
50%
Big Shot
40%
Diper Överlöde
40%
Double Down
40%
The Deep End
40%
The Getaway
40%
The Meltdown
40%
Wrecking Ball
40%
No matching quizzes found
Score Distribution
Percent of People with Each Score
Percentile by Number Answered
Your Score History
You have not taken this quiz